Loading...

CROPES: VARIETIES AND PLANT BREEDING

Bibliographic Details
Main Authors: DADD, C V, WASTON, JAMES A S, WEST, WATTIE J
Format: Printed Book
Published: NEW DELHI, SATISH SERIAL PUBLISHING HOUSE 2005
Subjects:
LEADER 019020000a22003490004500
082 |a 633 WAT/CR 
100 |a DADD, C V  |f Author 
100 |a WASTON, JAMES A S  |f Author 
100 |a WEST, WATTIE J  |f Author 
245 |a CROPES: VARIETIES AND PLANT BREEDING 
260 |a NEW DELHI, SATISH SERIAL PUBLISHING HOUSE 
260 |c 2005 
300 |a pages 277 
650 |a CEREALS 
650 |a FODDER CONSERVATION 
650 |a FORAGE CROPS 
650 |a GRASSLAND 
650 |a POTATO 
650 |a PULSE CROPS 
650 |a ROOT CROPS 
650 |a SOILAGE 
650 |a SUGAR-BEET 
942 |c BK 
999 |c 165856  |d 165856 
952 |0 0  |1 0  |2 ddc  |4 0  |6 633_000000000000000_WAT_CR  |7 0  |9 168217  |a KAUCOAP  |b KAUCOAP  |c GEN  |d 2013-07-24  |o 633 WAT/CR  |p KAU_COAP03160  |r 2013-07-24  |w 2013-07-24  |y BK 
952 |0 0  |1 0  |2 ddc  |4 0  |6 633_000000000000000_WAT_CR  |7 0  |9 168218  |a KAUCOAP  |b KAUCOAP  |c GEN  |d 2013-07-24  |o 633 WAT/CR  |p KAU_COAP03161  |r 2013-07-24  |w 2013-07-24  |y BK 
952 |0 0  |1 0  |2 ddc  |4 0  |6 633_000000000000000_WAT_CR  |7 0  |9 168219  |a KAUCOAP  |b KAUCOAP  |c GEN  |d 2013-07-24  |l 1  |o 633 WAT/CR  |p KAU_COAP05180  |r 2019-05-14  |s 2019-05-14  |w 2013-07-24  |y BK 
952 |0 0  |1 0  |2 ddc  |4 0  |6 633_000000000000000_WAT_CR  |7 0  |9 168220  |a KAUCOAP  |b KAUCOAP  |c GEN  |d 2013-07-24  |o 633 WAT/CR  |p KAU_COAP05181  |r 2013-07-24  |w 2013-07-24  |y BK 
952 |0 0  |1 0  |2 ddc  |4 0  |6 633_000000000000000_WAT_CR  |7 0  |9 168221  |a KAUCOAP  |b KAUCOAP  |c GEN  |d 2013-07-24  |o 633 WAT/CR  |p KAU_COAP05182  |r 2013-07-24  |w 2013-07-24  |y BK 
952 |0 0  |1 0  |2 ddc  |4 0  |6 633_000000000000000_WAT_CR  |7 0  |9 168222  |a KAUCOAP  |b KAUCOAP  |c GEN  |d 2013-07-24  |o 633 WAT/CR  |p KAU_COAP05898  |r 2013-07-24  |w 2013-07-24  |y BK 
952 |0 0  |1 0  |2 ddc  |4 0  |6 633_000000000000000_WAT_CR  |7 0  |9 168223  |a KAUCOAP  |b KAUCOAP  |c GEN  |d 2013-07-24  |o 633 WAT/CR  |p KAU_COAP07721  |r 2013-07-24  |w 2013-07-24  |y BK 
952 |0 0  |1 0  |2 ddc  |4 0  |6 633_000000000000000_WAT_CR  |7 0  |9 168224  |a KAUCOAP  |b KAUCOAP  |c GEN  |d 2013-07-24  |o 633 WAT/CR  |p KAU_COAP07722  |r 2013-07-24  |w 2013-07-24  |y BK